[Event "FRA-ch Accession"]
[Site "Montpellier"]
[Date "1991.??.??"]
[Round "11"]
[White "Guadalpi, David"]
[Black "Baldy, Philippe"]
[Result "1/2-1/2"]
[WhiteElo "2295"]
[BlackElo "2205"]
[PlyCount "41"]
[EventDate "1991.??.??"]
[EventType "swiss"]
[EventRounds "11"]
[EventCountry "FRA"]
[SourceTitle "EXT 1999"]
[Source "ChessBase"]
[SourceDate "1998.11.16"]
[SourceVersion "1"]
[SourceVersionDate "1998.11.16"]
[SourceQuality "1"]

1. e4 e6 2. d4 d5 3. Nc3 Bb4 4. e5 c5 5. a3 Bxc3+ 6. bxc3 Ne7 7. a4 Qa5 8. Bd2 Nbc6 9. Nf3 Bd7 10. Bb5 c4 11. 0-0 f5 12. Bc1 Nd8 13. Bxd7+ Kxd7 14. Qd2 h6 15. Ba3 Nec6 16. Rfb1 b6 17. h4 g6 18. Qe3 Qa6 19. Qc1 Qc8 20. Qb2 Nb7 21. Qb5 1/2-1/2

[Event "FRA-chT"]
[Site "France"]
[Date "1989.??.??"]
[Round "?"]
[White "Baldy, Philippe"]
[Black "Denis, Laurent"]
[Result "1/2-1/2"]
[WhiteElo "2275"]
[BlackElo "2170"]
[PlyCount "81"]
[EventDate "1989.??.??"]
[EventType "team"]
[EventRounds "11"]
[EventCountry "FRA"]
[SourceTitle "TD"]
[Source "ChessBase"]
[SourceDate "1994.03.01"]
[SourceVersion "1"]
[SourceVersionDate "1994.03.01"]
[SourceQuality "1"]

1. d4 Nf6 2. c4 c5 3. d5 e6 4. Nc3 exd5 5. cxd5 d6 6. e4 g6 7. f4 Bg7 8. Bb5+ Nfd7 9. a4 a6 10. Bd3 0-0 11. Nf3 Nf6 12. 0-0 Bg4 13. h3 Bxf3 14. Qxf3 Nbd7 15. a5 Qc7 16. Bc4 Rfe8 17. Ra2 b5 18. axb6 Nxb6 19. Bxa6 Qe7 20. Bb5 Rxa2 21. Bxe8 Qxe8 22. Nxa2 Qxe4 23. Qb3 Nfxd5 24. Nc3 Qb4 25. Qxb4 Nxb4 26. Be3 Nc4 27. Bc1 Bxc3 28. bxc3 Na2 29. Bd2 Nxd2 30. Rf2 Nxc3 31. Rxd2 d5 32. Rb2 Ne4 33. Rb7 d4 34. Re7 f5 35. Rd7 Nc3 36. Kf1 Ne4 37. Ke2 Nf6 38. Rc7 Ne4 39. Kd3 Nf2+ 40. Kc4 Ne4 41. Rd7 1/2-1/2

[Event "Montpellier-B"]
[Site "Montpellier"]
[Date "1989.??.??"]
[Round "?"]
[White "Baldy, Philippe"]
[Black "Verdier, Patrice"]
[Result "0-1"]
[WhiteElo "2275"]
[BlackElo "2245"]
[PlyCount "138"]
[EventDate "1989.07.??"]
[EventType "tourn"]
[EventRounds "9"]
[EventCountry "FRA"]
[EventCategory "3"]
[SourceTitle "TD"]
[Source "ChessBase"]
[SourceDate "1994.03.01"]
[SourceVersion "1"]
[SourceVersionDate "1994.03.01"]
[SourceQuality "1"]

1. d4 Nf6 2. c4 c5 3. d5 b5 4. cxb5 a6 5. e3 g6 6. Nc3 d6 7. Nf3 Bg7 8. a4 0-0 9. Ra3 Bb7 10. Be2 axb5 11. axb5 Rxa3 12. bxa3 Qa5 13. Qd2 Nxd5 14. Nxd5 Qxd2+ 15. Bxd2 Bxd5 16. 0-0 Nd7 17. a4 Nb6 18. a5 Nc4 19. e4 Be6 20. Be1 h6 21. a6 Rb8 22. Nd2 Nb6 23. Nb1 Bc4 24. Bxc4 Nxc4 25. Na3 Nxa3 26. a7 Re8 27. b6 Nb5 28. Ba5 Nxa7 29. bxa7 Ra8 30. Bb6 Bd4 31. Rb1 Kg7 32. Kf1 Kf6 33. f4 Ke6 34. Ke2 Kd7 35. Kd3 Kc6 36. h3 e6 37. g4 d5 38. e5 Bf2 39. Ke2 Bd4 40. Kd3 Bf2 41. Ke2 Bh4 42. Kf3 Be7 43. Ke3 f6 44. f5 gxf5 45. Kf4 fxg4 46. hxg4 fxe5+ 47. Kxe5 Kd7 48. Rb5 Bf8 49. Kf6 Bd6 50. Rxc5 Bxc5 51. Bxc5 Kc6 52. Bd4 Kd6 53. Be5+ Kc5 54. Bb8 d4 55. Kxe6 d3 56. Bf4 Rxa7 57. Ke5 Ra6 58. Ke4 Kc4 59. Bd2 Ra2 60. Bxh6 d2 61. Bxd2 Rxd2 62. g5 Rg2 63. Kf5 Kd5 64. Kf6 Kd6 65. g6 Rf2+ 66. Kg7 Ke7 67. Kg8 Kf6 68. g7 Rg2 69. Kh8 Kf7 0-1

[Event "FRA-chT"]
[Site "France"]
[Date "1989.??.??"]
[Round "?"]
[White "Kirszenberg, Marc"]
[Black "Baldy, Philippe"]
[Result "1/2-1/2"]
[WhiteElo "2225"]
[BlackElo "2275"]
[PlyCount "25"]
[EventDate "1989.??.??"]
[EventType "team"]
[EventRounds "11"]
[EventCountry "FRA"]
[SourceTitle "TD"]
[Source "ChessBase"]
[SourceDate "1994.03.01"]
[SourceVersion "1"]
[SourceVersionDate "1994.03.01"]
[SourceQuality "1"]

1. d4 f5 2. Bg5 h6 3. Bh4 g5 4. e3 Nf6 5. Bg3 d6 6. h4 Bg7 7. hxg5 hxg5 8. Rxh8+ Bxh8 9. Nc3 e6 10. Bd3 Nc6 11. Qd2 Qe7 12. 0-0-0 Qg7 13. Nge2 1/2-1/2

[Event "FRA-chT"]
[Site "France"]
[Date "1989.??.??"]
[Round "?"]
[White "Mercier, Jean Pierre"]
[Black "Baldy, Philippe"]
[Result "1/2-1/2"]
[WhiteElo "2255"]
[BlackElo "2275"]
[PlyCount "55"]
[EventDate "1989.??.??"]
[EventType "team"]
[EventRounds "11"]
[EventCountry "FRA"]
[SourceTitle "TD"]
[Source "ChessBase"]
[SourceDate "1994.03.01"]
[SourceVersion "1"]
[SourceVersionDate "1994.03.01"]
[SourceQuality "1"]

1. c4 f5 2. Nc3 Nf6 3. g3 e5 4. d4 exd4 5. Qxd4 Nc6 6. Qd3 Bc5 7. Nf3 0-0 8. Bg2 d5 9. cxd5 Nb4 10. Qd1 Nbxd5 11. Qb3 Kh8 12. 0-0 Nxc3 13. Qxc3 Ne4 14. Qc2 Bb6 15. b3 Re8 16. Bb2 Qe7 17. e3 Bd7 18. Ne5 Bb5 19. Rfd1 Qc5 20. Bxe4 fxe4 21. Qxe4 Bc6 22. Qf4 Qc2 23. Ba3 Re6 24. Rdc1 Qd2 25. Rd1 Qc2 26. Rdc1 Qd2 27. Rd1 Qc2 28. Rdc1 1/2-1/2

[Event "Montpellier-B"]
[Site "Montpellier"]
[Date "1989.??.??"]
[Round "?"]
[White "Strikovic, Aleksa"]
[Black "Baldy, Philippe"]
[Result "1/2-1/2"]
[WhiteElo "2470"]
[BlackElo "2275"]
[PlyCount "96"]
[EventDate "1989.07.??"]
[EventType "tourn"]
[EventRounds "9"]
[EventCountry "FRA"]
[EventCategory "3"]
[SourceTitle "TD"]
[Source "ChessBase"]
[SourceDate "1994.03.01"]
[SourceVersion "1"]
[SourceVersionDate "1994.03.01"]
[SourceQuality "1"]

1. e4 e6 2. d4 d5 3. Nc3 Bb4 4. e5 c5 5. a3 Bxc3+ 6. bxc3 Ne7 7. Nf3 Nbc6 8. h4 Qa5 9. Bd2 Bd7 10. h5 h6 11. Be2 cxd4 12. cxd4 Qa4 13. Bc3 Na5 14. Bxa5 Qxa5+ 15. Qd2 Qxd2+ 16. Kxd2 Nc6 17. a4 Na5 18. Rhb1 Rc8 19. Bd3 Ke7 20. Nh4 a6 21. f4 Nc4+ 22. Ke2 b5 23. axb5 Bxb5 24. f5 Rhe8 25. fxe6 fxe6 26. Rxb5 axb5 27. Ra7+ Kd8 28. Rxg7 Nb2 29. Rg6 Nxd3 30. Kxd3 b4 31. Rxh6 Rc3+ 32. Kd2 Rc4 33. Nf3 Rg8 34. Kd1 Rxg2 35. Rh8+ Kd7 36. h6 Rg3 37. h7 Rh3 38. Kd2 Rc3 39. Rb8 Rxh7 40. Rxb4 Rc7 41. Rb6 Rg7 42. Ne1 Rg4 43. c3 Rg3 44. Rb3 Ra7 45. Rb2 Ra1 46. Nd3 Rh1 47. Nc5+ Ke7 48. Kc2 Rh2+ 1/2-1/2

[Event "FRA-chT"]
[Site "France"]
[Date "1989.??.??"]
[Round "?"]
[White "Thibault, James"]
[Black "Baldy, Philippe"]
[Result "0-1"]
[WhiteElo "1970"]
[BlackElo "2275"]
[PlyCount "62"]
[EventDate "1989.??.??"]
[EventType "team"]
[EventRounds "11"]
[EventCountry "FRA"]
[SourceTitle "TD"]
[Source "ChessBase"]
[SourceDate "1994.03.01"]
[SourceVersion "1"]
[SourceVersionDate "1994.03.01"]
[SourceQuality "1"]

1. e4 e6 2. d4 d5 3. Nd2 Nf6 4. e5 Nfd7 5. c3 c5 6. Bd3 Nc6 7. Ne2 cxd4 8. cxd4 f6 9. exf6 Nxf6 10. 0-0 Bd6 11. Nf3 0-0 12. Bg5 Qc7 13. Rc1 Ng4 14. h3 Rxf3 15. gxf3 Nh2 16. f4 Nxf1 17. Kxf1 Qf7 18. Qc2 Qh5 19. h4 h6 20. Bg6 Qg4 21. Be8 Qh3+ 22. Kg1 hxg5 23. Bxc6 gxf4 24. f3 Qxf3 25. Bb5 Qg4+ 26. Kf1 Qh3+ 27. Kg1 f3 28. Qg6 Bd7 29. Bxd7 Qh2+ 30. Kf1 Qxe2+ 31. Kg1 f2+ 0-1